000 00451nam a22001577a 4500
003 macl
005 20190416131834.0
008 190416b xxu||||| |||| 00| 0 eng d
040 _cmacl
082 _a920/JAI
100 _aजैन, मीरा
_974302
245 _aभारत की वीरांगनाऍ
260 _aदिल्‍ली
_bविधा विहार
_c2016
650 _aजीवनी
_97943
942 _2ddc
_cHIN
999 _c59370
_d59370